Les 10 villes d'Espagne les plus peuplées commençant par C - Statistiques

Statistiques générales
  • Ce quiz a été pris 21 fois
  • Le résultat moyen est 3 sur 10
Statistiques - réponses
# Ville Population % Correct
4 Cadix 111.811
76%
1 Cordoue 323.763
76%
7 Ceuta 83.039
29%
5 Cáceres 96.215
24%
2 Carthagène 218.050
24%
9 Ciudad Real 75.303
14%
3 Castellón de la Plana 176.238
10%
10 Castelldefels 68.427
5%
6 Cornellà de Llobregat 90.303
5%
8 Coslada 80.171
5%
Aucun quiz correspondant
Distribution des résultats
% des personnes avec chaque résultat
Percentile par nombre de réponses
Votre historique - résultats
Vous n’avez pas pris ce quiz